Assessment of learning 1 (Record no. 85152)
[ view plain ]
| 000 -LEADER | |
|---|---|
| fixed length control field | 00941nam a2200265z 4500 |
| 003 - CONTROL NUMBER IDENTIFIER | |
| control field | URS |
| 005 - DATE AND TIME OF LATEST TRANSACTION | |
| control field | 20250828100519.0 |
| 008 - FIXED-LENGTH DATA ELEMENTS--GENERAL INFORMATION | |
| fixed length control field | 200528s2017 ph a|||| |||| 000 0 eng | |
| 020 ## - INTERNATIONAL STANDARD BOOK NUMBER | |
| International Standard Book Number | 9786218035133 |
| 040 ## - CATALOGING SOURCE | |
| Original cataloging agency | URS |
| Transcribing agency | URS |
| Modifying agency | URS |
| Description conventions | rda |
| 050 14 - LIBRARY OF CONGRESS CALL NUMBER | |
| Classification number | LB 3058 |
| Item number | .N228 2017 |
| 100 1# - MAIN ENTRY--PERSONAL NAME | |
| 9 (RLIN) | 2183 |
| Personal name | Navarro, Rosita L., |
| Titles and words associated with a name | Ph.D. |
| Relator term | author |
| 245 ## - TITLE STATEMENT | |
| Title | Assessment of learning 1 |
| 264 #1 - PRODUCTION, PUBLICATION, DISTRIBUTION, MANUFACTURE, AND COPYRIGHT NOTICE | |
| Place of production, publication, distribution, manufacture | Quezon City : |
| Name of producer, publisher, distributor, manufacturer | Lorimar |
| Date of production, publication, distribution, manufacture, or copyright notice | ©2017 |
| 300 ## - PHYSICAL DESCRIPTION | |
| Extent | viii, 135 pages : |
| Other physical details | illustrations ; |
| Dimensions | 25 cm |
| 336 ## - CONTENT TYPE | |
| Source | rdacontent |
| Content type term | text |
| Content type code | txt |
| 337 ## - MEDIA TYPE | |
| Source | rdamedia |
| Media type term | unmediated |
| Media type code | n |
| 338 ## - CARRIER TYPE | |
| Source | rdacarrier |
| Carrier type term | volume |
| Carrier type code | nc |
| 504 ## - BIBLIOGRAPHY, ETC. NOTE | |
| Bibliography, etc. note | Includes bibliographical references (pages 131-132). |
| 524 ## - PREFERRED CITATION OF DESCRIBED MATERIALS NOTE | |
| Preferred citation of described materials note | Navarro, R.L. et al. (2017). Assessment of learning 1. Quezon City: Lorimar. |
| 650 #0 - SUBJECT ADDED ENTRY--TOPICAL TERM | |
| 9 (RLIN) | 1245 |
| Topical term or geographic name entry element | Educational tests and measurements |
| General subdivision | Philippines |
| 700 1# - ADDED ENTRY--PERSONAL NAME | |
| 9 (RLIN) | 2184 |
| Personal name | Santos, Rosita G., |
| Titles and other words associated with a name | Ph.D. |
| Relator term | author |
| 700 1# - ADDED ENTRY--PERSONAL NAME | |
| 9 (RLIN) | 2086 |
| Personal name | Corpuz, Brenda B., |
| Titles and other words associated with a name | Ph.D. |
| Relator term | author |
| 942 ## - ADDED ENTRY ELEMENTS (KOHA) | |
| Source of classification or shelving scheme | Library of Congress Classification |
| Koha item type | Filipiniana |
| Withdrawn status | Source of classification or shelving scheme | Damaged status | Not for loan | Collection code | Home library | Current library | Date acquired | Total Checkouts | Full call number | Barcode | Date last seen | Price effective from | Koha item type |
|---|---|---|---|---|---|---|---|---|---|---|---|---|---|
| Library of Congress Classification | Non-fiction | Morong Graduate Library | Morong Graduate Library | 04/08/2025 | LB 3058 .N228 2017 | URSMOR-GL-5820 | 04/08/2025 | 04/08/2025 | Filipiniana |